Quizzes
Events
Quiz Creation
Community
Videos
Private Events
Remove Ads
Sign In
Join for FREE
Feedback
Dark Mode
Quiz Categories
Sports
Geography
Music
Movies
Television
Just For Fun
Miscellaneous
History
Literature
Language
Science
Gaming
Entertainment
Religion
Holiday
For Kids
Quiz Lab
Recent
Popular Today
Quiz Kudos Today
Editor Picks
Curator Picks
Quizzes by...
Day
Popularity
Type
Ratings
Length
Year
Community
Subscriptions
Recent Discussions
Orange Saloon
Badges
Playlists
Quests
Create
Leaderboards
Showdown
Live 5
Trivia Bingo
Activity
Puzzle Library
Sporcle Events
Private Events
Virtual Trivia
Globe League
Become a Host
Pub Owners
SporcleCon
Opinionation
Our Games
Videos
Blog
Mobile Apps
Partnerships
Remove Ads and Go Orange
Feedback
Sports
Athletes
MLB
NBA
NHL
NFL
Soccer
Sports Teams
WWE
NCAA
Football
Premier League
Basketball
Baseball
Hockey
Golf
Tennis
Cricket
Rugby
Auto Racing
Olympics
World Cup
Sports
Athletes
MLB
NBA
NHL
NFL
Soccer
Sports Teams
WWE
NCAA
Football
Premier League
Basketball
Baseball
Hockey
Golf
Tennis
Cricket
Rugby
Auto Racing
Olympics
World Cup
Random Quiz
Search Sporcle
×
Quiz Lab
Quiz Lab
Sports
Football
Type in answers that appear in a list
Type in answers that appear in a list
Classic
Best Score? Go Orange.
NFL Top Receivers in 2008 Stats
Can you name the NFL Top Receivers of 2008 By Team?
By
elite
8m
32 Questions
904 Plays
904 Plays
904 Plays
Comments
Comments
Give Quiz Kudos
Give Quiz Kudos
-
- Ratings
hide this ad
More Info
Replay
Link that replays current quiz
Next Quiz
Link to next quiz in quiz playlist
You Got
0%
They Got
Avg Score
80%
Avg Friend Score
Upgrade to see
Score Distribution
Jump to the score distribution portion of the page
Score
0/32
Timer
08:00
0
Plays Today
Team
Name
% Correct
Arizona Cardinals
Larry Fitzgerald
99%
Detroit Lions
Calvin Johnson
98.3%
Houston Texans
Andre Johnson
98.3%
Carolina Panthers
Steve Smith
97.9%
Washington Redskins
Santana Moss
96.1%
Indianapolis Colts
Reggie Wayne
95.7%
New England Patriots
Wes Welker
95%
Dallas Cowboys
Terrell Owens
94.5%
Atlanta Falcons
Roddy White
93%
Philadelphia Eagles
DeSean Jackson
91.8%
San Diego Chargers
Vincent Jackson
91.8%
Pittsburgh Steelers
Hines Ward
91.3%
Denver Broncos
Brandon Marshall
90.8%
Baltimore Ravens
Derrick Mason
89.8%
Kansas City Chiefs
Tony Gonzalez
89.4%
Buffalo Bills
Lee Evans
87.6%
Team
Name
% Correct
Green Bay Packers
Greg Jennings
86.9%
Cleveland Browns
Braylon Edwards
84.7%
St. Louis Rams
Torry Holt
81.2%
Chicago Bears
Devin Hester
80.3%
Minnesota Vikings
Bernard Berrian
77.3%
Cincinnati Bengals
T.J. Houshmandzadeh
77.1%
Miami Dolphins
Ted Ginn Jr.
71.5%
New York Jets
Jerricho Cotchery
70.9%
Tampa Bay Buccaneers
Antonio Bryant
69.1%
Oakland Raiders
Zach Miller
67.5%
Tennessee Titans
Justin Gage
59.2%
San Francisco 49ers
Isaac Bruce
58.6%
Seattle Seahawks
John Carlson
55%
Jacksonville Jaguars
Matt Jones
50.9%
New Orleans Saints
Lance Moore
50.7%
New York Giants
Domenik Hixon
42.1%
Quiz Playlist
Details
Report
Send in Message
Add To Playlist
More Info:
List the player who had the most receiving yards on the team in 2008.
Classic:
Type in answers that appear in a list
Quiz Source
Last Updated: Feb 16, 2017
Quiz Scoreboard
CHALLENGE
Sign Up to Join the Scoreboard
Show All
Scores
Hide
Comments
May contain spoilers
Recently Published
An Introduction to Baseball
by treessimontrees
Sports
5m
Movies - When Are They Set?
by FPL_Elf
Movies
5m
Popular People in 1961
by mucciniale
History
6m
More to Explore
Quiz From the Vault
Featured Blog Post
Where Did the Easter Bunny Come From?
hide this ad
You Might Also Like...
Tags
Football Quiz
NFL Quiz
2008
Receiver
Receiving Leaders
team
Today's Top Quizzes in Sports
Browse Sports
hide this ad
Today's Top Quizzes in Football
Browse Football
Top Contributed Quizzes in Sports
1
Les meilleurs buteurs des matchs entre le PSG et l’OM
2
2022 World Cup Stars
3
FIFA Club World Cup Champions
4
Les entraîneurs de l'OM et du PSG au 21e siècle
5
Name the Premier League winners with different clubs
6
La finale Lions - Afrique du Sud 2021
7
Criteria MLB: Left Handed Sluggers
8
Les joueurs passés par le LOSC et le RC Lens
9
Players with Multiple 50 Home Run Seasons
10
MLB Players with Two .350 Batting Average Seasons
Explore More
Trending Topics
Harry Potter
Kpop
Marvel
Anime
Disney
Crossword
NBA
Pokémon
WWE
Soccer
NFL
Puzzle
Country
The Office
Song
hide this ad
More By:
elite
Quiz
Plays
Rating
Category
Featured
Created
NFL Top Salaries 2008
4,645
3.46
Sports
Dec 12, 2009
NFL Top Receivers in 2008
904
3.50
Sports
Dec 7, 2009
Go to Creator's Profile
Score Distribution
Quiz Creator Spotlight
elite
Follow
Send a Message
Quizzes Created
-
Created Quiz Play Count
-
More By This Creator
Popular Quizzes Today
1
Find the Countries of Europe - No Outlines Minefield
2
Find the US States - No Outlines Minefield
3
The Countries of the World
4
Popular People in 1961
5
US States
6
1-10 Letter E Words III
7
Find the US States
8
Risky Map Clicking: Biggest States A-Z
More Sports Quizzes
EPL or FA Cup winner?
Curator's Pick
Trending Quizzes
Risky Map Clicking: Least Populous States A-Z
1-10 Letter F Words
1-10 Letter G Words
One Thing in Common: United Kingdom
Risky Map Clicking: Next State Alphabetically
Recently Updated
Leaping Animals
pecheneg
Reality TV Shows (A-Z)
bhenderson79
Rickey Henderson's Hall of Fame Teammates
pecheneg
Champions League XIs: Arsenal
pecheneg
Quick Pick: Celebrities in WWE's Hall of Fame
aduchscher
A-Z Keypad Blitz II
pecheneg
Multiple Oscar Actors
pecheneg
Mystery Phrase Blitz: Oscar 'Best Actors'
pecheneg
F. Scott Fitzgerald Novels
LTH
Pick 3 Villains
ddd62291
Trending Topics
Anime
Disney
Marvel
Crossword
Kpop
NBA
Harry Potter
Country
The Office
WWE
Pokémon
Song
Puzzle
Soccer
NFL
Your Account Isn't Verified!
In order to create a playlist on Sporcle, you need to verify the email address you used during registration. Go to your
Sporcle Settings
to finish the process.
Report this User
Report this user for behavior that violates our
Community Guidelines
.
Details:
Send Report
Go to the Sporcle.com Mobile Site →
Comments